000 00673nam a2200289Ia 4500
005 20260324133717.0
008 008 260324s9999 xx 000 0 eng d
020 _a9780203614501
037 _aEBOOK
040 _aCRL
040 _beng
040 _cCRL
041 _2eng
041 _aeng
084 _qCRL
100 _aTatu Vanhanen
_91194100
245 0 _aDemocratization
245 2 _bA Comparative Analysis of 170 Countries
260 _bTaylor and Francis
260 _c2003
365 _a
365 _b280
856 _uhttp://www.taylorfrancis.com/books/9780203614501
942 _cEBOOK
999 _c1793440
_d1793440